00531nam a2200217Ia 450000500170000000800460001702000180006303700100008104000080009104000080009904000080010704100080011504100080012308400080013110000130013924500650015226000310021726000090024865000160025785600400027320260306163534.0008 260114s9999 xx 000 0 eng d a9781399518727 aEBOOK aCRL beng cCRL 2eng aeng qCRL aMccarthy 4aThe British And The Turks: A History Of Animosity, 1893-1923 bEdinburgh University Press c2023 aSocial Work uhttps://academic.oup.com/book/45253